H-NMR study of 2-hydroxy -1,3- propanendiamine- N, N, N, N - tetraacetic acid and its complexes with diamagnetic metal ions

Bibliographic Details
Main Authors: Novomeský, Pavol (Author), Balgavý, Pavol, 1944- (Author), Majer, Jaroslav, 1926-2003 (Author)
Format: Article
Language:Slovak
English
PhysicalDescription:Tb. 9. Obr. 27. Res. slov., rus., nem., lit. 27 zázn. v slov., ruš., angl.
Subjects:

MARC

LEADER 00000nab a2200000 a 4500
001 vtls000211691
003 SK-MaSNL
005 20260304234744.0
008 250423c1984 xo 0 slo
015 |a SNBRA19rr/mm-uuuuu 
035 |a CL0221805 
035 |a urn:nbn:sk:snk-ab2k55 
035 |a (urnnbn)urn:nbn:sk:snk:ar-a02jop 
035 |a (uuid)790b3c56-54da-494c-9c2f-dabd8de91e4d 
040 |a SNKBUCL  |b slo  |c SNKBUCL  |e AACR2 
041 0 |a eng 
044 |a xo  |c SK 
080 |a 615.07  |2 1981 
080 |a 543.51  |2 1981 
100 1 |a Novomeský, Pavol  |4 aut  |9 8287 
245 1 0 |a H-NMR study of 2-hydroxy -1,3- propanendiamine- N, N, N, N - tetraacetic acid and its complexes with diamagnetic metal ions  |c Pavol Novomeský, Pavol Balgavý, Jaroslav Majer 
300 |b Tb. 9. Obr. 27. Res. slov., rus., nem., lit. 27 zázn. v slov., ruš., angl. 
650 0 7 |a kyselina 2-hydroxy -1,3- propándiamín -N, N, N, N,- tetraoctová  |2 snkbucl  |9 1571625 
650 0 7 |a spektroskopia  |2 snkbucl  |9 19810 
655 7 |a štúdie  |2 snkbucl  |9 57033 
655 7 |a články zo zborníkov  |2 snkbucl  |9 166140 
700 1 |a Balgavý, Pavol,  |d 1944-  |4 aut  |9 224307 
700 1 |a Majer, Jaroslav,  |d 1926-2003  |4 aut  |9 224006 
773 0 |t Acta Facultatis pharmaceuticae Universitatis Comenianae 38  |d Bratislava : SPN, 1984  |g S. 137-189 
850 |a Slovenská národná knižnica 
852 |a Slovenská národná knižnica 
958 |a article27 
958 |a RK 
958 |a MI 
958 |a NB 
958 |a OND 
958 |a EUIPO 
992 |a RZB 
999 |c 3205454  |d 3207384